| 000 | 00763nam a22003131c 4500 | ||
|---|---|---|---|
| 001 | a987667375 | ||
| 008 | 110518s2011 gw |||| 000u rus d | ||
| 041 | _arus | ||
| 100 | 1 | _aBelov, Aleksandr A. | |
| 245 | 0 | 0 |
_aKondopoga navsegda : _brasskaz ot lica učastnikov sobytij - bez kupjur i cenzury |
| 264 |
_aMoskva, _c2011 |
||
| 300 | _a120 S. | ||
| 650 | 0 | _aGewalt | |
| 650 | 0 | _aXenophobie | |
| 650 | 0 | _aKriminalität | |
| 650 | 0 | _aMigration | |
| 650 | 0 | _aGesellschaft | |
| 650 | 0 | _aAlltag | |
| 650 | 0 | _aPolizei | |
| 650 | 0 | _aEthnie | |
| 650 | 0 | _aEthnographie | |
| 650 | 0 | _aNationalitätenpolitik | |
| 651 | 0 | _aKondopoga | |
| 651 | 0 | _aKarelien | |
| 655 | 0 | _aAutobiographie | |
| 942 | _cMG | ||
| 040 | _cRU-10907106 | ||
| 003 | RU-10907106 | ||
| 999 |
_c21640 _d21640 |
||